000
00281nam a22001097a 4500
999
_c
12550
_d
12550
020
_a
9788120333710
_a
978-0131484108
_a
0131484109
082
_a
658.30
100
_a
Cascio, Wayne F.
245
_a
Applied Psychology in Human Resource Management
250
_a
6th edition
942
_c
BK